O mechanike a jej tvorcoch /

Gespeichert in:
Bibliographische Detailangaben
1. Verfasser: Gonda, Ján (Verfasst von)
Format: Buch
Sprache:Slowakisch
Veröffentlicht: Bratislava : Veda, 1983
Schlagworte:
Tags: Tag hinzufügen
Keine Tags, Fügen Sie das erste Tag hinzu!

MARC

LEADER 00000nam a22000003a 4500
001 stu36498
005 20150617225726.5
008 920609s1983----cs------------------slo-d
040 |a STU  |b slo 
041 0 |a slo 
044 |a cs 
080 |a 531/534-051 
100 1 |a Gonda, Ján  |4 aut 
245 1 |a O mechanike a jej tvorcoch /  |c [aut.]Ján Gonda 
260 |a Bratislava :  |b Veda,  |c 1983 
300 |a 103 s 
650 7 |a mechanika  |2 stusub 
650 7 |a osobnosti  |2 stusub 
996 |b 284M019658  |c M*2694-1  |l MMKN  |s A  |a 24  |w stu36498_0001 
996 |b 284M019659  |c M*2694-2  |l MMKN  |s A  |a 24  |w stu36498_0002 
996 |b E54848  |c E*54848  |l EE15  |s P  |a 0  |w stu36498_0003